000 00660nam a22001817a 4500
003 NUST
005 20260304120347.0
008 260304b ||||| |||| 00| 0 eng d
020 _a 978-0128177846
082 _a624.171
_bAMI
100 _a Amir Hossein Alavi, Maria Feng, Pengcheng Jiao, & Zahra Sharif-Khodaei.
_9133564
245 _aThe Rise of Smart Cities: Advanced Structural Sensing and Monitoring Systems /
_c Amir Hossein Alavi, Maria Feng, Pengcheng Jiao, & Zahra Sharif-Khodaei.
250 _a1st Edition
260 _aUnited Kingdom:
_bButterworth-Heinemann,
_c2022.
300 _a696 p ;
_c35.00 cm
563 _aHardcover
942 _2ddc
_cBK
999 _c616500
_d616500